00276nam a2200097Ia 4500008004100000082001200041100002800053245007800081260000900159300001000168190415s9999 xx 000 0 und d aRI.0006 aIqbal Narain and others 0aVoting behaviour in fifth Lok Sabha elections : A case study of Rajasthan c1988 a600p.